Vainqueurs du tournoi des 6 nations - Statistiques

Statistiques générales
  • Ce quiz a été pris 659 fois
  • Le résultat moyen est 24 sur 24
Statistiques - réponses
Hint Réponse % Correct
2002 France
100%
2004 France
100%
2006 France
100%
2007 France
100%
2010 France
100%
2022 France
100%
2000 Angleterre
99%
2001 Angleterre
99%
2003 Angleterre
99%
2011 Angleterre
99%
2016 Angleterre
99%
2017 Angleterre
99%
2020 Angleterre
99%
2009 Irlande
99%
2014 Irlande
99%
2015 Irlande
99%
2018 Irlande
99%
2023 Irlande
99%
2005 Pays de Galles
94%
2008 Pays de Galles
94%
2012 Pays de Galles
94%
2013 Pays de Galles
94%
2019 Pays de Galles
94%
2021 Pays de Galles
94%
Aucun quiz correspondant
Distribution des résultats
% des personnes avec chaque résultat
Percentile par nombre de réponses
Votre historique - résultats
Vous n’avez pas pris ce quiz